000 00949nam a2200277 a 4500
001 20382
003 BD-RjUL
005 20211209000547.0
008 140227s1968 enkb 000 1 eng
020 _a034009396X
035 _a(BD-RjUL)20444
_a(OCoLC)439650
040 _aDLC
_cDLC
_dBD-RjUL
_beng
041 1 _aeng
082 0 4 _219
_a839.63
_bGAU 1968
245 1 0 _aGautrek's saga and other medieval tales /
_ctranslated with an introduction, by Hermann Pálsson and Paul Edwards
260 _aNew York ; London :
_bUniversity of London Press ;New York University Press,
_cc1968
300 _a156 p. :
_bill.,map ;
_c22 cm
650 0 _aSagas
_962837
650 0 _aOld Norse literature
_vTranslations into English
_962838
650 0 _aEnglish literature
_xTranslations from Old Norse
_962839
700 1 _aPálsson, Hermann
_962840
700 1 _aEdwards, Paul
_962841
942 _2ddc
_cBK
999 _c20382
_d20382